000 01121naa a22003017a 4500
001 BR9402079
003 BR-BrBNA
005 20250721155441.0
007 ta
008 250630b bl.|||m| |||| 00| 0 por d
040 _aBR-BrBNA
_bpor
_cBiblioteca Nacional de Agricultura
041 _a(Pt)
072 _aK10
_b3290
090 _aK10 BR9402079
100 1 _aSperandio, J.P.
100 1 _aFonseca, C.E.L. da
111 1 _a1. Simposio do Tropico Umido
_cBelem, PA (Brazil)
_d12-17 Nov 1984
245 1 _aComportamento do jacaranda-da-bahia em plantios experimentais em Manaus, AM
500 _a1. Simposio do Tropico Umido. Anais. Vol. 2 Belem, PA (Brasil): 1986. p. 307-311 [Summaries (En, Pt); 5 ref.] (BR9402079-AMS)
773 0 _t1. Simposio do Tropico Umido. Anais. Vol. 2
_wK10 BR9402079
_gBelem, PA (Brasil), 1986. p. 307-311
650 _aJacaranda
650 _aSilvicultura
650 _aPlantio
650 _aAmazonas
490 _aDocumentos - Centro de Pesquisa Agropecuaria do Tropico Umido (Brazil)
_vno. 36
_xISSN 0101-2835
942 _cAMS
_2AGRIS
909 _a202506
_bLúcia
_c55
_dLúcia Elande
999 _c336564
_d336564